| 000 | 00512nam a2200169 a 4500 | ||
|---|---|---|---|
| 005 | 20140412111255.0 | ||
| 008 | 000825s19uu xx 00 eng d | ||
| 020 | _a0-395-28007-9 | ||
| 050 |
_aTR(PS E _bYo8 |
||
| 100 | _aWaber, Bernard | ||
| 245 |
_aYou look ridiculous : _bsaid the rhinoceros to the hippopotamus / _cby Bernard Waber. |
||
| 260 |
_aBoston : _bHoughton Mifflin Co, _c1966. |
||
| 300 | _a1 v. (unp.) ; ill. | ||
| 650 | _aRhinoceros-Fiction | ||
| 650 | _aHippopotamus-Fiction | ||
| 999 |
_c103223 _d103223 |
||